Famous Female Foreheads Quiz Stats

 Plays Quiz Updated Aug 6, 2016

Also try: Iconic Actresses
Challenge
Share
Tweet
Score 0/20 Timer 03:00
5 Plays Today
% Correct
Pink
94.9%
Katy Perry
83.9%
Halle Berry
82.9%
Viola Davis
79.2%
Miley Cyrus
78.7%
Naomi Campbell
77.9%
Beyoncé
76.9%
Emma Stone
76.2%
Scarlett Johansson
73.1%
Kaley Cuoco
72.9%
% Correct
Taylor Swift
71.1%
Michelle Rodriguez
70%
Angelina Jolie
68.8%
Maisie Williams
65%
Kate Winslet
64.9%
Adele
64.2%
Megan Fox
64.1%
Salma Hayek
61.1%
Amy Adams
61%
Rihanna
51.6%

You're not logged in!

Compare scores with friends on all Sporcle quizzes.
Join for Free
OR
Log In

You Might Also Like...

Show Comments

Extras

Top Quizzes Today


Score Distribution

Your Account Isn't Verified!

In order to create a playlist on Sporcle, you need to verify the email address you used during registration. Go to your Sporcle Settings to finish the process.

Report this User

Report this user for behavior that violates our Community Guidelines.

Details: